000 01225cam a2200229 4500
001 ABS64035
008 000000n2001 000 0 eng u
035 _a(Sirsi) u112912
100 _aBateson, K
245 _aHigh hopes
260 _c2001
490 _aBuilding Design
_v(1486) 11 May 2001, 11(1)
520 _aConsiders proposals for the new London Plan, previously called the Spatial Development Strategy (SDS). The proposals aim to tackle the housing, transport and business needs of London over the next 10 years in accordance with Urban Task Force principles of sustainability. Discusses initial responses to the London Plan, in particular concern relating to the Mayor Ken Livingstone's executive authority over planning decisions. Suggests that the proposals will require close collaboration between the Greater London Authority (GLA) and the London Boroughs, and will have an impact on the borough's Unitary Development Plans and other existing plans.
590 _aABS
650 _aLONDON
650 _aSPATIAL DEVELOPMENT STRATEGY
650 _aMAYOR
650 _aPLANNING POLICY
650 _aTRANSPORT
690 _aENVIRONMENTAL AND LAND CONSULTANCY-PLANNING AND DEVELOPMENT
942 _n0
999 _c67214
_d67214